Nadim and his partition poetry (Record no. 521974)

000 -LEADER
fixed length control field 00358nam a22001337a 4500
008 - FIXED-LENGTH DATA ELEMENTS--GENERAL INFORMATION
fixed length control field 230306b ||||| |||| 00| 0 eng d
100 ## - MAIN ENTRY--PERSONAL NAME
Personal name Yusuf, Zameerah
245 ## - TITLE STATEMENT
Title Nadim and his partition poetry
260 ## - PUBLICATION, DISTRIBUTION, ETC. (IMPRINT)
Place of publication, distribution, etc Social Scientist
300 ## - PHYSICAL DESCRIPTION
Extent 50(11-12), Nov-Dec, 2022: p.43-56
773 ## - HOST ITEM ENTRY
Main entry heading Social Scientist
906 ## - LOCAL DATA ELEMENT F, LDF (RLIN)
Subject DIP HISTORY
942 ## - ADDED ENTRY ELEMENTS (KOHA)
Item type Articles
Holdings
Withdrawn status Lost status Source of classification or shelving scheme Damaged status Not for loan Permanent location Current location Date acquired Serial Enumeration / chronology Barcode Date last seen Koha item type
          Indian Institute of Public Administration Indian Institute of Public Administration 2023-03-06 50(11-12), Nov-Dec, 2022: p.43-56 AR128237 2023-03-06 Articles

Powered by Koha